000 00646nam a2200241Ia 4500
003 OSt
005 20221005050641.0
006 a|||||r|||| 00| 0
007 ta
008 221004b |||||||| |||| 00| 0 urd d
024 _a31306
037 _cTextual
040 _aCRL
_cCRL
_burd
041 _2urd
_aurd
082 _aO168,3NNA2,KB, K9
100 _aNaqvi Qamar Au.
_9594952
245 0 _aKasheede bahar
260 _aLahore
_bMaqbool academy Pakistan
_c1969
300 _a384p.
_ccm.
650 _aURDU FICTION
_93298
942 _hO168,3NNA2,KB, K9
_cTEXL
_2cc
999 _c957425
_d957425